Visualizzazione normale
Vista MARC
- Sassi Silvio Vezzani Lorenzo
di Personal Name
Records bibliografici associati: 1
001 - CONTROL NUMBER
- control field: 769
003 - CONTROL NUMBER IDENTIFIER
- control field: IT-RoPau
005 - DATE AND TIME OF LATEST TRANSACTION
- control field: 20130701141735.0
008 - FIXED-LENGTH DATA ELEMENTS
- fixed length control field: 130701|| aca||aabn | a|a d
040 ## - CATALOGING SOURCE
- Original cataloging agency: IT-RoPau
- Transcribing agency: IT-RoPau
100 ## - HEADING--PERSONAL NAME
- Personal name: Sassi Silvio Vezzani Lorenzo
670 ## - SOURCE DATA FOUND
- Source citation: Work cat.: (IT-RoPau)76061: Cibien Carlo 765, Appunti per il corso di pastorale-2